|
|
|
|
| LEADER |
00000nam a2200000 a 4500 |
| 001 |
vtls009297959 |
| 003 |
SK-MaSNL |
| 005 |
20260301081641.0 |
| 008 |
240314s2008 xo d p 000 0 cze |
| 015 |
|
|
|a SNBA2008/05-02449
|
| 020 |
|
|
|a 9788089271306
|q (brož.)
|
| 035 |
|
|
|a 0ADFE80E-7BC9-42B9-BFFA-8C04A6F5652B
|
| 035 |
|
|
|a urn:nbn:sk:snk-amkpw9
|
| 035 |
|
|
|a urn:nbn:sk:snk-am005djm
|
| 040 |
|
|
|a SNK
|b slo
|c SNK
|e AACR2
|
| 041 |
0 |
|
|a cze
|
| 044 |
|
|
|a xo
|c SK
|
| 072 |
|
7 |
|a 616.89
|x Psychiatria
|2 konspekt
|
| 072 |
|
7 |
|a 37.016
|x Učebné osnovy. Vyučovacie predmety. Učebnice
|2 konspekt
|
| 080 |
|
|
|a 616.89
|2 2001
|
| 080 |
|
|
|a 364-43
|2 2001
|
| 080 |
|
|
|a (075.8)
|2 2001
|
| 100 |
1 |
|
|a Kašparů, Jaroslav Max,
|d 1950-
|4 aut
|9 104338
|
| 245 |
1 |
0 |
|a Základy psychiatrie pro sociální pracovníky
|n I.
|c Max Kašparů
|
| 250 |
|
|
|a [1. vyd.]
|
| 260 |
|
|
|a Bratislava
|b [Vysoká škola zdravotníctva a sociálnej práce sv. Alžbety]
|c 2008
|
| 300 |
|
|
|a 104 s.
|c 29 cm
|
| 500 |
|
|
|a Vydav. podľa ISBN
|
| 504 |
|
|
|a Bibliogr. s. 104. Pozn. Slovníček
|
| 650 |
0 |
7 |
|a psychiatria
|2 SNKPH
|9 2571
|
| 650 |
0 |
7 |
|a sociálni pracovníci
|2 SNKPH
|9 68206
|
| 655 |
|
7 |
|a učebnice vysokých škôl
|2 SNKPH
|9 70191
|
| 919 |
|
|
|a 978-80-89271-30-6
|
| 958 |
|
|
|a NB
|
| 958 |
|
|
|a CZ
|
| 958 |
|
|
|a NM
|
| 958 |
|
|
|a MI
|
| 968 |
|
|
|d 61
|
| 999 |
|
|
|c 656451
|d 658381
|
| 952 |
|
|
|a SNK
|b SNK
|y PREZ
|7 0
|p 17A0589688
|o snkSB 76234/1
|i snk2008/11381
|8 0
|0 0
|1 0
|4 0
|d 2008-05-27
|f 1
|l 0
|r 2025-04-30 00:00:00
|w 2026-02-23
|
| 952 |
|
|
|a SNK
|b SNK
|y VYP
|7 0
|p 17A0589689
|o snkSB 76234/1 D1
|i snk2008/11382
|8 0
|0 0
|1 0
|4 0
|d 2008-05-27
|l 0
|r 2016-06-30 00:00:00
|w 2026-02-23
|